[Event "NOR-chT Codanserien 2017-18"]
[Site "Oslo"]
[Date "2018.01.13"]
[Round "5"]
[White "Romanov, Evgeny"]
[Black "Haldorsen, Benjamin"]
[Result "1-0"]
[WhiteElo "2617"]
[BlackElo "2405"]
[Annotator "TA"]
[PlyCount "97"]
[EventDate "2018.??.??"]
[EventType "team-tourn"]
[EventCountry "NOR"]
[SourceTitle "playchess.com"]
[Source "ChessBase"]
[SourceQuality "1"]

{[%evp 9,97,22,42,42,53,6,38,16,40,45,60,50,62,67,73,45,74,52,65,53,56,45,54,58,92,56,69,57,55,62,55,30,80,64,91,98,97,99,91,93,87,68,96,83,81,81,120,84,116,95,112,93,147,106,173,168,145,127,129,137,120,128,258,262,391,390,339,355,318,320,320,320,319,318,319,319,319,143,321,292,296,295,367,366,445,445,595,552,552,519]} 1. d4 d5 2. Bg5 Nd7 3. e3 Ngf6 4. Nf3 e6 5. c4 dxc4 (5... h6 6. Bh4 Be7 7. Nbd2 c5 8. Be2 O-O 9. O-O b6 10. cxd5 Nxd5 11. Bg3 Bb7 12. Nc4 N7f6 13. dxc5 Bxc5 14. Nfd2 Rc8 15. e4 Ne7 16. e5 Ne4 17. Nxe4 Bxe4 {½-½ (41) Eljanov,P (2765)-Karjakin,S (2779) Shamkir 2016}) 6. Bxc4 {D30: Queen's Gambit Declined: Systems without Nc3} a6 7. Nc3 c5 8. Be2 $146 {White is slightly better.} ({Predecessor:} 8. a4 b6 9. O-O Bb7 10. d5 e5 11. e4 Bd6 12. Nh4 h6 13. Nf5 Bb8 14. Bd2 g6 15. Nxh6 Bc8 16. d6 Rf8 17. Qb3 Bxd6 18. Bxf7+ {1-0 (18) Pilat,D (1405)-Kleine,J (1446) Seifhennersdorf 2001}) 8... cxd4 9. Nxd4 Be7 10. O-O h6 11. Bh4 $1 O-O 12. Bg3 Re8 13. Rc1 Bf8 14. Qc2 e5 15. Nf5 {[%cal Bd4f5,Bf5h4,Bh4f3][%mdl 32]} g6 16. Nh4 {Bc4 is the strong threat.} Qe7 17. Rfd1 b5 18. Ne4 Nxe4 19. Qxe4 Ra7 20. Qd5 {aiming for Nxg6.} Kg7 21. Nf3 f6 {[#]} 22. Nh4 $1 $36 {[%mdl 2048] White is on the roll.} Qf7 23. Nf5+ Kg8 ({Wrong is} 23... gxf5 $2 24. Qxf7+ Kxf7 25. Bh5+ Kg7 26. Bxe8 $18) 24. Nd6 Bxd6 25. Qxd6 {And now Rc6 would win.} Nf8 26. Bf3 Be6 27. b3 Rc8 28. Qb6 Rxc1 29. Rxc1 {[%cal Bd1c1,Bc1c6,Bc6b6][%mdl 32]} Qe7 30. h3 b4 ({Black should try} 30... h5) 31. Rc6 Kf7 (31... Kg7 $16) 32. Qa5 $18 h5 33. Rb6 Qc7 {Hoping for ...Nd7.} 34. Qxb4 a5 {[#]} 35. Qb5 $1 a4 (35... Kg7 $16 36. Rc6 Qe7) 36. bxa4 {[%cal Bb3a4,Ba4a5][%mdl 32]} Bxa2 (36... Nd7 $142) 37. a5 Nd7 38. Rb7 Rxb7 39. Bxb7 ({Don't play} 39. Qxb7 $6 Qxb7 40. Bxb7 Ke6 $18) 39... Bc4 40. Bd5+ Bxd5 41. Qxd5+ Ke7 42. h4 Qc5 43. Qg8 (43. Qa8 $18) 43... Qxa5 $2 (43... f5 $16) 44. Qg7+ Ke6 45. Qxg6 Qe1+ 46. Kh2 Qe2 47. e4 {White is clearly winning.} Nb6 48. Qe8+ Kd6 49. Qf7 {Precision: White = 51%, Black = 39%.} 1-0

[Event "NOR-chT Codanserien 2017-18"]
[Site "Oslo"]
[Date "2018.01.13"]
[Round "5"]
[White "Berg, Emanuel"]
[Black "Ostenstad, Berge"]
[Result "0-1"]
[WhiteElo "2549"]
[BlackElo "2439"]
[Annotator "TA"]
[PlyCount "110"]
[EventDate "2018.??.??"]
[EventType "team-tourn"]
[EventCountry "NOR"]
[SourceTitle "playchess.com"]
[Source "ChessBase"]
[SourceQuality "1"]

{[%evp 25,110,0,0,0,0,0,0,0,0,0,0,-7,0,-8,-8,-29,0,-31,-27,-47,-36,-91,-78,-91,-91,-91,-91,-93,-77,-105,-143,-186,-181,-187,-194,-239,-235,-232,-240,-261,-247,-245,-252,-255,-246,-226,-18,-28,-60,-91,100,-89,0,-195,-12,-618,-579,-567,-491,-497,-492,-473,-458,-967,-963,-944,-916,-1141,-1113,-1055,-1041,-1713,-1704,-29987,-29988,-29988,-1691,-1751,-1670,-1620,-1562,-2494,-2136,-3943,-4398,-2782,-2437]} 1. e4 e6 2. d4 d5 3. Nc3 Bb4 4. e5 c5 5. a3 Bxc3+ 6. bxc3 Qa5 7. Bd2 Qa4 8. Qg4 Kf8 9. Qd1 {C18: Französische Verteidigung (Nimzowitsch-Variante)} b6 10. h4 (10. dxc5 bxc5 11. c4 Ba6 12. cxd5 Bxf1 13. Kxf1 exd5 14. Nf3 Nd7 15. h4 h5 16. Rb1 Ne7 {½-½ (47) Najer,E (2699)-Harikrishna,P (2733) Antalya 2017}) 10... Ba6 11. h5 Bxf1 12. Kxf1 h6 13. Nf3 Nc6 {LiveBook: 3 Partien} 14. Rh4 c4 15. Rf4 Nge7 16. Nh4 Ke8 17. g3 $146 ({Vorgänger:} 17. Ra2 Nd8 {0-1 (37) Mitchell,R (2115)-Berry,N (2331) Edinburgh 2011}) 17... Rg8 18. Ng2 Nf5 19. g4 Nfe7 20. Ne3 Rf8 21. Qc1 Ng8 22. Nd1 f6 23. Nb2 (23. exf6 $1 $15 Nxf6 24. Rf3) 23... Qa5 24. Qe1 Kd7 25. a4 fxe5 26. dxe5 Qc5 27. Nd1 Qe7 28. Kg2 {[#]} g6 $1 {[%mdl 512]} 29. hxg6 Qg7 $1 30. a5 Nxa5 (30... Qxg6 31. axb6 axb6 32. Rxa8 $17) 31. Rxf8 Rxf8 32. f4 Qxg6 33. Nf2 Nc6 ({Weniger gut wäre} 33... Qxc2 34. f5 $17) 34. Qb1 h5 35. Qb5 {Weiss will mit Txa7+ Matt setzen.} Kc7 $2 ({Günstiger ist} 35... a5 $1 $19 36. Qxb6 Nge7 37. Qb7+ Ke8) 36. Be3 $11 Rb8 $36 {[%mdl 2048] Schwarz drückt.} 37. f5 Qg7 $2 (37... Qf7 $1 $17 {Weiss muss nun ...Sge7 beachten.} 38. f6 Nxf6 39. exf6 Qxf6 40. gxh5 Qg7+ 41. Kf1 Qxc3 42. Bf4+ e5) 38. f6 $2 {[#]} (38. fxe6 $16 {ist nötig, um Vorteil zu sichern.} Kb7 39. Qxd5) 38... Qg6 (38... Nxf6 $1 $17 39. exf6 Qxf6 40. gxh5 Qg7+ 41. Kf1 Qxc3 42. Bf4+ e5) 39. Ra6 $2 (39. Bc5 $11 {und Weiss steht sicher.} Rb7 40. Bd6+ Kd7 41. Rh1 (41. Qa6 Nd8 $11)) 39... hxg4 $2 (39... Nh6 $19 40. Bxh6 hxg4) 40. Bc5 $2 {[%mdl 8192]} (40. Qa4 $11) 40... Rb7 41. Ra1 Nh6 42. Bd6+ Kd7 {Droht ...g3 und aus.} 43. Qa6 Kc8 44. Rh1 (44. Qa4 $142 Nd8 45. Rh1) 44... g3 $19 45. Rxh6 Qxh6 46. Ng4 Qd2+ 47. Kxg3 Qxc3+ 48. Kh4 Qxc2 49. Qb5 Rh7+ 50. Kg3 Qb3+ (50... Kb7 $142 51. Bc5 {[#]} Nxe5 $1 {[%mdl 512]} 52. Qe8 Qe2 53. Qd7+ Nxd7 54. Bd4 Qd3+ 55. Ne3 Qxd4 56. Ng4 Qg1+ 57. Kf3 Rh3+ 58. Ke2 Qxg4+ 59. Ke1 Rh2 60. f7 Qg1#) 51. Qxb3 {Schwarz steht klar auf Gewinn.} cxb3 52. Ba3 b5 {[%cal Bb6b5,Bb5b4][%mdl 32]} 53. Kf4 b4 54. Bb2 a5 55. Kg5 Nd8 {Precision: Weiß = 32%, Schwarz = 61%.} 0-1

[Event "NOR-chT Codanserien 2017-18"]
[Site "Oslo"]
[Date "2018.01.13"]
[Round "5"]
[White "Christiansen, Johan-Sebastian"]
[Black "Gullaksen, Eirik"]
[Result "1-0"]
[WhiteElo "2492"]
[BlackElo "2352"]
[Annotator "TA"]
[PlyCount "67"]
[EventDate "2018.??.??"]
[EventType "team-tourn"]
[EventCountry "NOR"]
[SourceTitle "playchess.com"]
[Source "ChessBase"]
[SourceQuality "1"]

{[%evp 21,67,35,40,38,25,27,90,84,107,93,128,140,137,23,16,4,185,174,164,83,100,43,128,123,107,106,124,34,177,159,277,255,296,329,318,314,315,314,345,344,556,512,628,634,29992,29993,29998,29999]} 1. e4 {[%cal Be2e4,Be4e5][%mdl 32]} c5 2. Nf3 Nc6 3. Bb5 Nf6 4. Nc3 g6 5. e5 Ng4 6. Bxc6 dxc6 7. d3 {B30: Sicilian: 2...Nc6 3 Bb5, lines without ...g6} Bg7 (7... Nh6 8. Ne4 Nf5 9. c3 b6 10. g4 Ng7 11. Rg1 h5 12. h3 hxg4 13. hxg4 Ne6 14. Be3 Bg7 {0-1 (45) Naiditsch,A (2708)-Vachier Lagrave,M (2711) Warsaw 2012}) 8. Bf4 Nh6 9. Ne4 Bg4 10. h3 Bxf3 11. Qxf3 Nf5 $1 {LiveBook: 4 Games} 12. O-O-O Nd4 13. Qe3 $1 {[#]} Qa5 $146 (13... b6 $11) ({Predecessor:} 13... Ne6 14. Nxc5 Nxf4 15. Qxf4 {½-½ (34) Tiits,T (2532)-Nickel,A (2606) ICCF email 2007}) 14. Kb1 $16 Ne6 15. Bh2 O-O-O 16. f4 h5 17. g4 (17. Rhf1 $16) 17... hxg4 $11 18. hxg4 Qc7 $2 {[#]} (18... c4 $1 $11 {and Black stays safe.}) 19. c3 (19. Nxc5 $6 Qb6 $14) 19... b6 20. Bg3 ({Better is} 20. f5 $18 Bxe5 21. Bxe5 (21. fxe6 Bxh2 22. exf7 Bf4 $14) 21... Rxh1 22. Rxh1 Qxe5 23. fxe6) 20... Qd7 $16 21. f5 (21. Rhe1 $16) 21... Nc7 (21... Rxh1 $14 22. Rxh1 Nc7) 22. Rxh8 Rxh8 23. Qf3 $36 {[%mdl 2048] White is on the roll.} Qd5 24. Qf4 (24. f6 $16 Bf8 25. Qf4) 24... gxf5 (24... g5 $1 $14 25. Nxg5 Rh1 26. Rxh1 Qxh1+ 27. Kc2 Nd5) 25. gxf5 $18 Bh6 (25... Qd8 $16 26. f6 Ne6) 26. Qh4 Qd7 27. f6 Nd5 28. fxe7 Qxe7 29. Nd6+ Kd7 {With the idea ...Qxh4.} 30. Qh5 Ne3 $2 (30... Qe6 31. Rf1 (31. Qxf7+ Qxf7 32. Nxf7 Rg8 $14) (31. Nxf7 Rg8 $16) 31... f5) 31. Re1 Qe6 {[#]} 32. Rxe3 $1 {[%mdl 512] Rf3 is the strong threat.} Bxe3 33. Qxh8 Qg4 34. Qc8+ {Precision: White = 55%, Black = 31%.} 1-0

[Event "NOR-chT Codanserien 2017-18"]
[Site "Oslo"]
[Date "2018.01.13"]
[Round "5"]
[White "Elsness, Frode"]
[Black "Salomon, Johan"]
[Result "1/2-1/2"]
[WhiteElo "2481"]
[BlackElo "2476"]
[Annotator "TA"]
[PlyCount "61"]
[EventDate "2018.??.??"]
[EventType "team-tourn"]
[EventCountry "NOR"]
[SourceTitle "playchess.com"]
[Source "ChessBase"]
[SourceQuality "1"]

{[%evp 23,61,12,22,6,14,3,1,0,18,1,9,9,9,9,27,0,6,0,16,22,20,16,16,24,25,22,11,0,0,0,0,0,0,0,0,0,0,-8,0,0]} 1. Nf3 c5 2. c4 Nf6 3. Nc3 e6 4. g3 d5 5. cxd5 Nxd5 6. Bg2 Nc6 7. O-O Be7 8. d4 O-O 9. Nxd5 exd5 10. dxc5 Bxc5 11. Bg5 Qd7 12. Rc1 {D41: Queen's Gambit Declined: Semi-Tarrasch with 5 cxd5} Bb6 {LiveBook: 16 Games} 13. Qd3 Re8 14. Rfd1 d4 15. a3 $146 ({Predecessor:} 15. Bf4 h6 16. Nd2 g5 17. Ne4 Rxe4 18. Qxe4 gxf4 19. Qxf4 Qe6 20. a3 Kg7 21. e3 dxe3 22. Rd6 exf2+ 23. Kf1 Qe3 24. Qf6+ Kg8 25. Rcd1 Bg4 26. Bd5 Qe2+ {0-1 (26) Seel,C (2474)-Khairullin,I (2652) Berlin 2015}) 15... Qf5 16. b4 Qxd3 17. exd3 Bf5 18. Nh4 Bg4 19. Re1 h6 20. Bd2 g5 21. Nf3 {[%cal Bh4f3,Bf3d4,Bd4c6][%mdl 32]} Bf5 22. b5 Na5 23. Nxd4 Bxd3 24. Bxa5 Bxa5 {The position is equal.} 25. Bxb7 {Strongly threatening Red1.} (25. Red1 {looks sharper.} Be2 26. Nxe2 Rxe2 27. Bxb7 Rae8 28. Rc5) 25... Rxe1+ 26. Rxe1 {Re7 is the strong threat.} Rd8 27. Nc6 {[#] Hoping for Rd1.} Bxe1 28. Nxd8 Bxb5 29. Bd5 Be8 30. Nc6 Bxc6 31. Bxc6 {Precision: White = 46%, Black = 58%.} 1/2-1/2

[Event "NOR-chT Codanserien 2017-18"]
[Site "Oslo"]
[Date "2018.01.13"]
[Round "5"]
[White "Gausel, Einar"]
[Black "Aulin-Jansson, Joran"]
[Result "0-1"]
[WhiteElo "2470"]
[BlackElo "2273"]
[Annotator "TA"]
[PlyCount "79"]
[EventDate "2018.??.??"]
[EventType "team-tourn"]
[EventCountry "NOR"]
[SourceTitle "playchess.com"]
[Source "ChessBase"]
[SourceQuality "1"]

{[%evp 20,79,57,61,132,93,108,104,143,143,136,112,107,96,104,92,121,49,49,70,48,48,102,93,77,0,71,29,85,107,104,78,81,90,93,85,75,73,152,120,128,120,183,179,186,184,234,220,222,216,221,217,156,170,366,383,367,339,396,297,372,302]} 1. d4 Nf6 2. Nf3 c5 3. d5 e6 4. c4 b5 5. dxe6 fxe6 6. cxb5 d5 7. g3 Bd6 8. Bg2 Bb7 9. O-O O-O 10. Nbd2 Nbd7 11. e4 {LiveBook: 3 Games. E10: Blumenfeld Gambit} (11. b3 Qe7 12. Bb2 a6 13. bxa6 Bxa6 14. Re1 Ng4 15. Qc2 e5 16. e4 c4 17. exd5 Nxf2 18. bxc4 Bc5 19. Bd4 Bxd4 20. Nxd4 Qc5 21. N2b3 Qa7 22. Nc6 {½-½ (22) Georgiev,K (2626)-Volokitin,A (2638) Budva 2004}) 11... d4 (11... Qb6 $14) 12. Qb3 $146 ({Predecessor:} 12. Re1 e5 13. Nh4 g6 14. Nc4 Nb6 15. Na5 Bc8 16. f4 Qc7 17. Nc6 a6 18. fxe5 Bxe5 19. Nxe5 Qxe5 20. bxa6 Rxa6 {1-0 (27) Van der Vliet,F (2330)-Besseling,M Netherlands 1995}) 12... Qe7 13. Re1 {White is better.} Bc7 14. Ng5 Rfe8 15. Nc4 h6 16. Nh3 $1 Qf7 17. f3 {[%cal Bf2f3,Bf3f4][%mdl 32]} Rab8 18. e5 ({White should play} 18. Nf2 $16) 18... Nd5 $14 19. f4 N7b6 20. Na5 Ba8 (20... c4 $1 $14 21. Qd1 d3) 21. Bd2 $16 Nc8 22. a4 (22. Rac1 $16) 22... a6 (22... Bxa5 $11 {remains equal.} 23. Bxa5 c4) 23. Qd3 {Threatens to win with Nb3.} axb5 (23... Bxa5 $1 $11 24. Bxa5 Nce7) 24. axb5 Qd7 25. Nc6 Bxc6 26. bxc6 Qxc6 27. Ra6 $36 {[%mdl 2048] White is really pushing.} Bb6 28. Rc1 Qd7 (28... Nce7 $142) 29. Nf2 Nce7 30. Ne4 Nf5 (30... Nc7 $16 {keeps fighting.}) 31. Nxc5 $18 Bxc5 32. Rxc5 {Hoping for Rxe6!} Nde3 33. Bxe3 Nxe3 {[#]} 34. Bc6 $1 {[%cal Rc6d7]} Qe7 35. Qxd4 Nf5 {[#]} 36. Qc3 $1 Rb3 $2 (36... Red8) 37. Qxb3 Qxc5+ 38. Kg2 Ne3+ 39. Kf3 Nc4 {White must now prevent ...Nd2+.} 40. Qc3 {[%mdl 32768] Precision: White = 65%, Black = 33%. . Loss on Time!?} 0-1

[Event "NOR-chT Codanserien 2017-18"]
[Site "Oslo"]
[Date "2018.01.13"]
[Round "5"]
[White "Lie, Espen"]
[Black "Notkevich, Benjamin Arvola"]
[Result "1-0"]
[WhiteElo "2467"]
[BlackElo "2456"]
[Annotator "TA"]
[PlyCount "71"]
[EventDate "2018.??.??"]
[EventType "team-tourn"]
[EventCountry "NOR"]
[SourceTitle "playchess.com"]
[Source "ChessBase"]
[SourceQuality "1"]

{[%evp 16,71,12,0,21,0,0,0,14,16,31,0,2,17,8,-39,0,-12,-6,-6,-8,-16,-7,-7,-14,-11,-10,-11,-6,-34,0,-76,-61,-61,-67,-108,-59,-61,-61,-61,106,104,100,109,417,417,416,344,461,417,403,410,468,456,1101,1088,1064,1050]} 1. c4 Nf6 2. g3 g6 3. Bg2 Bg7 4. Nc3 O-O 5. e4 d6 6. Nge2 c5 7. d3 Nc6 8. O-O a6 9. a3 Bg4 {A36: Symmetrical English vs ...g6: 4 Bg2 Bg7} (9... Rb8 10. Rb1 b5 11. cxb5 axb5 12. b4 cxb4 13. axb4 e5 14. Be3 Be6 15. d4 Bc4 16. d5 Ne7 17. f3 Nd7 18. Qd2 f5 19. Ra1 Nf6 20. Bh3 Ra8 21. Rfc1 h5 22. Rxa8 Qxa8 {0-1 (63) Granda Zuniga,J (2646)-Lopez Martinez,J (2552) Lorca 2016}) 10. f3 Bd7 11. Be3 Ne8 {The position is equal.} 12. Rb1 Nc7 $146 ({Predecessor:} 12... Nd4 13. b4 Rb8 14. f4 b6 15. Qd2 e6 16. g4 f5 17. exf5 exf5 {½-½ (44) Dappiano,A (2072)-Rubio Mejia,L (2417) Condino 2011}) 13. Nd5 b5 14. b4 Nxd5 15. exd5 Nd4 (15... Ne5 {feels hotter.} 16. bxc5 dxc5 17. f4 Ng4 18. Bc1 h5) 16. Nxd4 cxd4 17. Bf2 Qb6 18. Re1 e5 19. dxe6 Bxe6 20. Bf1 Rfc8 {[%cal Rb5c4]} 21. Rc1 a5 $36 {[%mdl 2048] Black has the initiative.} 22. Qb3 Rab8 23. Red1 (23. Rxe6 $1 $11 fxe6 24. Bh3) 23... Qc6 24. Qb2 axb4 25. cxb5 bxa3 26. Qxa3 Qxf3 {[#] ( -> ...Bd5)} 27. Bg2 Qe2 $2 (27... Qh5 $1 $15 {keeps the upper hand.} 28. Rxc8+ Bxc8) 28. Rxc8+ $16 Rxc8 29. Re1 Qa2 $2 {[%mdl 8192] [#]} (29... Qc2 $16 {is more resistant.}) 30. Qxa2 $1 $18 Bxa2 31. b6 {[%cal Bb5b6,Bb6b7][%mdl 32]} Be5 32. b7 Rb8 33. Ra1 Be6 {intending ...d5.} 34. Bc6 {White is clearly winning.} ({Resist} 34. Ra8 d5 $18) 34... Bd7 (34... d5 $142 35. Ra8 f6) 35. Ra8 d5 36. Bxd7 {Precision: White = 52%, Black = 35%.} 1-0

[Event "NOR-chT Codanserien 2017-18"]
[Site "Oslo"]
[Date "2018.01.13"]
[Round "5"]
[White "Djurhuus, Rune"]
[Black "Urkedal, Frode"]
[Result "1-0"]
[WhiteElo "2420"]
[BlackElo "2572"]
[Annotator "TA"]
[PlyCount "97"]
[EventDate "2018.??.??"]
[EventType "team-tourn"]
[EventCountry "NOR"]
[SourceTitle "playchess.com"]
[Source "ChessBase"]
[SourceQuality "1"]

{[%evp 15,97,0,-11,-10,0,-23,-23,-34,-40,-59,-46,-65,-77,-76,-39,-65,-72,-67,-71,-114,-75,-194,-113,-116,-118,-124,-117,-122,-54,-54,-54,-53,-60,-61,-38,-35,-17,-17,-18,-27,-24,-43,-52,-40,-13,-13,-12,-12,-2,-20,-6,-8,-10,-14,0,0,0,0,0,0,145,145,333,369,518,541,552,527,589,561,483,404,585,687,659,596,1104,1276,1819,1818,1645,1517,2174,1985]} 1. g3 e5 2. c4 Nf6 3. Bg2 c6 4. Nf3 e4 5. Nd4 d5 6. cxd5 Qxd5 7. Nc2 Qh5 8. h3 Qg6 9. Nc3 {A20: English Opening: 1...e5} Bd6 (9... Bc5 10. Ne3 O-O 11. Qc2 Re8 12. b3 Na6 13. a3 Nc7 14. Bb2 Bd4 15. O-O-O Ncd5 16. Ncxd5 Bxb2+ 17. Qxb2 Nxd5 {½-½ (38) Bu,X (2697)-Lalith,B (2529) Chengdu 2017}) 10. Ne3 O-O 11. Qc2 {[%cal Rc3e4] Black has an edge.} Re8 12. b3 Na6 13. Bb2 Nb4 $36 {[%mdl 2048] Black is really pushing.} 14. Qb1 Bd7 $146 ({Predecessor:} 14... a5 15. a3 Na6 16. Qc2 Nc5 {½-½ (44) Nilsen,J (2361)-Hagesaether,H (2245) Bergen 2014}) 15. a3 Nbd5 16. Ncxd5 Nxd5 17. Qc2 a5 18. Bd4 {[#]} (18. h4 $17 {was called for.}) 18... h5 ({Black should try} 18... c5 $1 $19 {[%mdl 512]} 19. Bb2 (19. Bxc5 Rac8) 19... Nxe3 20. dxe3 a4) 19. h4 {[#]} c5 $1 {[%mdl 512]} 20. Bb2 (20. Bxc5 Rac8) 20... Nxe3 21. dxe3 {[#]} Bxg3 $1 {[%mdl 512]} 22. Qxc5 $15 (22. fxg3 Qxg3+) 22... Be5 23. Bxe5 Qxg2 24. Kd2 $1 Rac8 ({Avoid the trap} 24... Qxf2 $2 25. Raf1 $18) 25. Qd6 $1 Bg4 {aiming for ...Red8.} 26. Rh2 {[#]} Qxh2 $1 {[%mdl 512]} 27. Bxh2 Red8 28. Qxd8+ Rxd8+ $11 {[%mdl 4096] Endgame KRB-KRB} 29. Ke1 Rd5 30. b4 a4 31. Rc1 b5 32. Rc7 f6 33. Re7 Bf5 34. Rb7 Bd7 35. f3 exf3 36. exf3 {White wants to play e4.} Rd3 {Strongly threatening ...Bc6.} 37. Ke2 Rxa3 (37... Bf5 $1 $11 {remains equal.} 38. Rb8+ (38. Rxb5 Bg6 $11) 38... Kf7 39. Rxb5 (39. e4 Rxa3 40. Rb7+ Ke8 $17) 39... Rxa3 40. Rxf5 Ra2+ 41. Kd3 Rxh2) 38. Rxd7 {KRB-KR} Rb3 $2 (38... Ra2+ $16 {is a better defense.} 39. Rd2 Rxd2+ 40. Kxd2 g5) 39. Bd6 $18 a3 (39... Rb1 $142 40. Ra7 Rb2+ 41. Kd3 Rf2) 40. Ra7 Rb2+ 41. Kd3 a2 42. f4 {[%cal Bf3f4,Bf4f5][%mdl 32]} Rh2 43. f5 Rf2 (43... Rxh4 $142 44. Rxa2 Rh1) 44. Ke4 {White is clearly winning.} Rd2 45. Bc5 Rh2 46. Kd5 Rf2 47. Kc6 Rxf5 48. Rxa2 g5 49. Kxb5 {Precision: White = 68%, Black = 40%.} 1-0

[Event "NOR-chT Codanserien 2017-18"]
[Site "Oslo"]
[Date "2018.01.13"]
[Round "5"]
[White "Nilsen, Joachim Birger"]
[Black "Tryggestad, Andreas Garberg"]
[Result "1/2-1/2"]
[WhiteElo "2413"]
[BlackElo "2252"]
[Annotator "TA"]
[PlyCount "64"]
[EventDate "2018.??.??"]
[EventType "team-tourn"]
[EventCountry "NOR"]
[SourceTitle "playchess.com"]
[Source "ChessBase"]
[SourceQuality "1"]

{[%evp 24,64,17,14,14,14,16,10,8,8,8,0,0,0,0,0,4,4,4,4,4,4,0,9,25,0,13,0,0,0,0,0,0,0,0,0,0,0,0,0,0,0,0]} 1. d4 Nf6 2. Nf3 g6 3. c4 Bg7 4. g3 c6 5. Bg2 d5 6. cxd5 cxd5 7. O-O O-O 8. Nc3 Ne4 9. Ne5 Nxc3 10. bxc3 Nc6 11. Nxc6 bxc6 12. Qa4 Qb6 13. Ba3 Qa6 {D79: Fianchetto Grünfeld: Symmetrical Variation (6 0-0 c6 7 cxd5 cxd5)} 14. Qxa6 Bxa6 15. Rfb1 (15. Rfe1 Rfe8 16. e3 {½-½ (16) Petrosian,T (2601)-Svidler,P (2765) Riadh 2017}) 15... Rfb8 16. Bxe7 Bxe2 17. Bc5 Bc4 $146 ({Predecessor:} 17... a6 18. Bf1 Bxf1 19. Kxf1 Bf8 20. a4 f6 21. Ke2 {½-½ (39) Camacho Collados,J (2276)-Fernandez Barrera,V (2319) Burguillos 2008}) 18. a4 a5 19. Bf1 Bxf1 20. Kxf1 Bf8 21. Ke2 Bxc5 22. dxc5 $11 {[%mdl 4096] Endgame KRR-KRR} Kf8 23. Kd3 Ke7 24. Kd4 Kd7 {The position is equal.} 25. f3 Kc7 26. Re1 Re8 27. Rab1 Rxe1 28. Rxe1 {[#] And now Re7+ would win.} Kd7 29. Rb1 Kc7 $1 30. Re1 {Re7+ is the strong threat.} Kd7 31. Rb1 Kc7 $1 32. Re1 {[#] Hoping for Re7+.} Kd7 {Precision: White = 75%, Black = 93%.} 1/2-1/2

[Event "NOR-chT Codanserien 2017-18"]
[Site "Oslo"]
[Date "2018.01.13"]
[Round "5"]
[White "Tisdall, Jonathan D"]
[Black "Johannessen, Leif Erlend"]
[Result "1/2-1/2"]
[WhiteElo "2403"]
[BlackElo "2469"]
[Annotator "TA"]
[PlyCount "82"]
[EventDate "2018.??.??"]
[EventType "team-tourn"]
[EventCountry "NOR"]
[SourceTitle "playchess.com"]
[Source "ChessBase"]
[SourceQuality "1"]

{[%evp 14,82,29,33,58,55,66,37,66,76,68,59,75,46,52,43,52,43,37,35,49,37,43,17,20,6,13,-43,0,0,0,-20,8,0,9,0,0,0,0,0,0,0,0,0,31,25,41,39,47,47,47,45,45,45,45,45,45,29,51,0,39,34,58,26,41,0,0,0,0,0,0]} 1. c4 e5 2. Nc3 Nf6 3. g3 d5 4. cxd5 Nxd5 5. Bg2 Nb6 6. e3 {[%cal Be2e3,Be3d4,Bd4d5][%mdl 32]} Be7 {A22: English Opening: 1...e5 2 Nc3 Nf6} (6... Nc6 7. Nge2 h5 8. d4 h4 9. d5 Ne7 10. e4 hxg3 11. hxg3 Rxh1+ 12. Bxh1 Ng8 13. Be3 Nf6 14. Qc2 {0-1 (57) Ponkratov,P (2613)-Karjakin,S (2760) Riadh 2017}) 7. Nge2 O-O 8. O-O {LiveBook: 42 Games} c5 {White is slightly better.} 9. d4 exd4 10. exd4 Nc6 {[%cal Rc5d4]} 11. d5 Ne5 12. Bf4 Nec4 13. a4 $146 ({Find the theoretical novelty and annotate with similar games:} 13. b3 Nd6 14. Ne4 Nxe4 15. Bxe4 {1-0 (43) Mamedov,R (2659)-Gurevich,M (2571) Kocaeli 2014}) 13... Nd6 14. Bxd6 Bxd6 15. Ne4 Bf5 16. N2c3 Nc4 17. Qe2 Na5 18. Nb5 Bxe4 $1 19. Bxe4 a6 20. Nc3 (20. Nxd6 $11 Qxd6 21. Qc2) 20... Re8 {[#] And now ...f5! would win.} 21. Qc2 h6 22. Bg2 Qb6 23. Ne4 Nb3 24. Rad1 Nd4 25. Qc4 a5 26. Rd3 Bf8 27. b3 Rad8 28. Re3 Qb4 29. Rfe1 {[#] Threatens to win with Qxb4.} Kh8 30. Qxb4 axb4 31. Nd6 Rxe3 32. Nxf7+ Kg8 33. fxe3 Kxf7 34. exd4 cxd4 $14 {[%mdl 4096] Endgame KRB-KRB} 35. Bh3 Bc5 36. Be6+ (36. Kf1 $14) 36... Kf6 37. Kf1 Rf8 38. Ke2 Ke5 39. Rc1 Kd6 {The position is equal.} 40. Rd1 Ke5 41. Re1 Kd6 {Precision: White = 69%, Black = 49%.} 1/2-1/2

[Event "NOR-chT Codanserien 2017-18"]
[Site "Oslo"]
[Date "2018.01.13"]
[Round "5"]
[White "Galinsky, Timofey"]
[Black "Mihajlov, Svetoslav"]
[Result "0-1"]
[WhiteElo "2376"]
[BlackElo "2178"]
[Annotator "NA"]
[PlyCount "50"]
[EventDate "2018.??.??"]
[EventType "team-tourn"]
[EventCountry "NOR"]
[SourceTitle "playchess.com"]
[Source "ChessBase"]
[SourceQuality "1"]
[TimeControl "40/5400+30:1800+30"]

1. d4 d5 2. Nf3 Nf6 3. e3 c5 4. dxc5 Qa5+ 5. c3 Qxc5 6. b4 Qc7 7. Bb2 Bg4 8. Nbd2 Nbd7 9. Rc1 e6 10. a3 Be7 11. c4 dxc4 12. Bxc4 Qb8 13. h3 Bxf3 14. Nxf3 b5 15. Be2 a5 16. O-O axb4 17. axb4 O-O 18. Nd4 Bxb4 19. Nc6 Qd6 20. Qb3 Bc5 21. Bf3 Nd5 22. e4 Nf4 23. e5 Qd3 24. Rc3 Ne2+ 25. Kh2 Nxc3 0-1